Top 15 dei paesi con decessi Covid-19 - 27 aprile 2022 - Statistics

Statistiche generali
  • Questo quiz è stato fatto 6 volte
  • Il punteggio medio è 13 su 27
Statistiche sulle risposte
paese % Corretto
Brasile
100%
Francia
100%
Germania
100%
Italia
100%
Russia
100%
India
83%
Regno Unito
83%
Stati Uniti
83%
Argentina
67%
Polonia
67%
Colombia
50%
Messico
50%
Perù
50%
Romania
50%
Cechia
33%
Georgia
33%
Ungheria
33%
Bulgaria
17%
Croazia
17%
Indonesia
17%
Iran
17%
Lettonia
17%
Lituania
17%
Slovacchia
17%
Slovenia
17%
Bosnia ed Erzegovina
0%
Macedonia del Nord
0%
Nessun quiz corrispondente trovato
Distribuzione punteggi
Percentuale di utenti per punteggio
Percentile per numero di risposta
I tuoi punteggi nel tempo
Non hai fatto questo quiz